000 00822 a2200277 4500
003 CBULib
005 20250227125748.0
008 241119b |||||||| |||| 00| 0 eng d
020 _a9781394163540
040 _bEnglish
_cCBULib
_erda
041 _aeng
050 _aNA 2543 Mul
100 _aHopkins, Owen
_94052
245 _aMultispace : architecture at dawn of the metaverse
_c/ edited by Owen Hopkins
260 _bWiley,
_c2022
_aOxford :
300 _a136 pages : illustrations
336 _2rdacontent
_aText |
_btxt
337 _2rdamedia
_aUnmediated |
_bn
338 _2rdacarrier
_aVolume
_bnc
650 0 _94045
_aMETAVERSE
650 0 _94046
_aPLACE IN ARCHITECTURE
650 0 _94047
_aSPACE AND TIME
700 _94048
_aSpiller, Neil
700 _94049
_aEllerby, Caroline
942 _2lcc
_c002
999 _c85773
_d85773